| 000 | 00382nam a2200169Ia 4500 | ||
|---|---|---|---|
| 008 | 230524s9999 xx 000 0 und d | ||
| 020 | _a9788123916576 | ||
| 082 |
_a720.6 _bGHO |
||
| 100 | _aD.N.Ghose | ||
| 245 | 2 | _aA Book of Home Plans | |
| 250 | _a2 | ||
| 260 |
_aNew Delhi _bCBS _c2013 |
||
| 300 | _a283p; | ||
| 500 | _aQuantity Number: 2 | ||
| 650 | _aCivil | ||
| 942 | _cBK | ||
| 999 |
_c55295 _d55295 |
||